Cambio y cultura institucional en Centroamérica /
Enfatiza los cambios que se manifiestan tanto en la estructura administrativa como las tendencias actuales, retomando el tema de los desafíos a la luz de los planteamientos sobre transpariencia de la función pública, como el marco en el que deben girar los retos que deberá enfrentar e incorporar la...
Gardado en:
| Autor Principal: | |
|---|---|
| Formato: | Texto |
| Materias: | |
| Etiquetas: |
Engadir etiqueta
Sen Etiquetas, Sexa o primeiro en etiquetar este rexistro!
|
MARC
| LEADER | 00000 a a2200000 04500 | ||
|---|---|---|---|
| 001 | 14138 | ||
| 003 | |||
| 040 | |||
| 100 | |a Salazar, Roxana | ||
| 245 | |a Cambio y cultura institucional en Centroamérica / |c Roxana Salazar | ||
| 520 | |a Enfatiza los cambios que se manifiestan tanto en la estructura administrativa como las tendencias actuales, retomando el tema de los desafíos a la luz de los planteamientos sobre transpariencia de la función pública, como el marco en el que deben girar los retos que deberá enfrentar e incorporar la cultura organizacional, ante el renacer de la voz ciudadana y el reclamo de espacio de participación y derechos fundamentales. DOC/WMV | ||
| 650 | |a CORRUPCION | ||
| 650 | |a CIUDADANIA | ||
| 650 | |a PARTICIPACION COMUNITARIA | ||
| 650 | |a ADMINISTRACION PUBLICA | ||
| 773 | |g número 38 -39; páginas 47-70 | ||
| 999 | |c 31717 |d 31717 | ||
